LDR 00807naa#a2200193#i#450# 001 EN\\bibl\121897 005 20260429221654.3 011 ## _a2072-9502 100 ## _a20260427b2026####ek#y0engy0150####ca 102 ## _aRU 200 1# _aModular approach to the development of an information system for forecasting airline ticket prices _eJournal article 210 1# _aAstrakhan _cAstrakhan State Technical University _d2026 215 ## _a12 с. 608 ## _aJournal article _2local 675 ## _aИнформационные технологии. Компьютерные технологии. Теория вычислительных машин и систем. 004 _z 700 #1 _aSaratova _gTatyana Evgen'evna 700 #1 _aKozhevnikov _gIlya Sergeevich 700 #1 _aShul'gin _gVladislav Andreevich 856 4# _avestnik.astu.org _u